[Event "40th IND-chT Open 2020"]
[Site "Ahmedabad"]
[Date "2020.02.10"]
[Round "6.16"]
[White "Adarsh Tripathi"]
[Black "Ramnathan, Balasubramaniam"]
[Result "1-0"]
[WhiteElo "2100"]
[BlackElo "2200"]
[Annotator "ChessBase"]
[PlyCount "119"]
[EventDate "2020.02.05"]
[EventCountry "IND"]
[SourceTitle "playchess.com"]
[Source "ChessBase"]
[SourceQuality "1"]
[TimeControl "5400+30"]

1. e4 {[%emt 0:01:32]} e5 {[%emt 0:00:00]} 2. Nf3 {[%emt 0:00:05]} Nf6 {[%emt 0:00:00]} 3. Nc3 {[%emt 0:00:08]} Nc6 {[%emt 0:00:13]} 4. a3 {[%emt 0:00:23]} d6 {[%emt 0:00:56]} 5. Bc4 {[%emt 0:00:18]} Be7 {[%emt 0:00:13]} 6. h3 {[%emt 0:00:05]} O-O {[%emt 0:00:40]} 7. d4 {[%emt 0:00:05]} exd4 {[%emt 0:04:36]} 8. Nxd4 {[%emt 0:00:07]} Bd7 {[%emt 0:00:26]} 9. O-O {[%emt 0:00:10]} a6 {[%emt 0:00:31]} 10. Be3 {[%emt 0:00:29]} b5 {[%emt 0:01:59]} 11. Ba2 {[%emt 0:01:11]} Na5 {[%emt 0:05:52]} 12. b4 {[%emt 0:01:18]} Nb7 {[%emt 0:00:28]} 13. Nd5 {[%emt 0:01:55]} c5 {[%emt 0:05:22]} 14. Nf5 {[%emt 0:00:25]} Bxf5 {[%emt 0:02:32]} 15. exf5 {[%emt 0:00:06]} c4 {[%emt 0:01:16]} 16. c3 {[%emt 0:00:09]} Nxd5 {[%emt 0:02:27]} 17. Qxd5 {[%emt 0:00:06]} Qd7 {[%emt 0:00:33]} 18. Bd4 {[%emt 0:00:07]} Rae8 {[%emt 0:01:39]} 19. Bb1 {[%emt 0:00:16]} Bf6 {[%emt 0:00:58]} 20. Bxf6 {[%emt 0:01:58]} gxf6 {[%emt 0:00:06]} 21. Qd4 {[%emt 0:00:12]} Qe7 {[%emt 0:02:56]} 22. Bc2 {[%emt 0:00:32]} Qe5 {[%emt 0:05:25]} 23. Rad1 {[%emt 0:00:41]} d5 {[%emt 0:01:36]} 24. Qg4+ {[%emt 0:01:14]} Kh8 {[%emt 0:00:08]} 25. Rd4 {[%emt 0:00:14]} Rg8 {[%emt 0:04:46]} 26. Qh5 {[%emt 0:00:16]} Nd6 {[%emt 0:01:23]} 27. Rfd1 {[%emt 0:00:30]} Rg5 {[%emt 0:07:07]} 28. Qf3 {[%emt 0:00:23]} Nxf5 {[%emt 0:00:28]} 29. Rf4 {[%emt 0:03:38]} Nd6 {[%emt 0:07:07]} 30. h4 {[%emt 0:00:12]} Rg7 {[%emt 0:00:54]} 31. Rxd5 {[%emt 0:00:42]} Qe1+ {[%emt 0:02:32]} 32. Kh2 {[%emt 0:00:42]} Re6 {[%emt 0:16:48]} 33. Rxf6 {[%emt 0:01:14]} Ne8 {[%emt 0:11:18]} 34. Rxf7 {[%emt 0:00:50]} Rh6 {[%emt 0:02:06]} 35. Rf8+ {[%emt 0:00:19]} Rg8 {[%emt 0:00:15]} 36. Rh5 {[%emt 0:01:25]} Qd2 {[%emt 0:01:39]} 37. Rxg8+ {[%emt 0:00:55]} Kxg8 {[%emt 0:00:12]} 38. Qg4+ {[%emt 0:00:29]} Kf8 {[%emt 0:00:45]} 39. Rxh6 {[%emt 0:01:12]} Qxh6 {[%emt 0:00:05]} 40. Qf5+ {[%emt 0:00:39]} Ke7 {[%emt 0:00:50]} 41. g3 {[%emt 0:01:07]} Qf6 {[%emt 0:01:16]} 42. Qe4+ {[%emt 0:00:22]} Kd6 {[%emt 0:00:26]} 43. Qe3 {[%emt 0:00:28]} Qf7 {[%emt 0:01:29]} 44. Be4 {[%emt 0:00:41]} Nf6 {[%emt 0:00:20]} 45. Qc5+ {[%emt 0:00:08]} Kd7 {[%emt 0:00:26]} 46. Bc6+ {[%emt 0:01:08]} Kd8 {[%emt 0:00:19]} 47. Qd6+ {[%emt 0:00:17]} Kc8 {[%emt 0:00:09]} 48. Bf3 {[%emt 0:00:05]} Nd7 {[%emt 0:01:04]} 49. Qxa6+ {[%emt 0:00:48]} Kd8 {[%emt 0:00:10]} 50. Kg2 {[%emt 0:00:10]} Qf5 {[%emt 0:00:20]} 51. Qa8+ {[%emt 0:01:43]} Kc7 {[%emt 0:00:23]} 52. Qa5+ {[%emt 0:00:16]} Kd6 {[%emt 0:00:31]} 53. a4 {[%emt 0:00:11]} Ne5 {[%emt 0:00:17]} 54. Qb6+ {[%emt 0:00:19]} Ke7 {[%emt 0:00:24]} 55. Qb7+ {[%emt 0:00:05]} Kd6 {[%emt 0:00:37]} 56. Qd5+ {[%emt 0:00:06]} Kc7 {[%emt 0:01:25]} 57. a5 {[%emt 0:00:09]} Qf6 {[%emt 0:00:12]} 58. Qb7+ {[%emt 0:00:22]} Kd8 {[%emt 0:00:03]} 59. a6 {[%emt 0:00:53]} Nxf3 {[%emt 0:00:08]} 60. a7 {[%emt 0:00:15]} 1-0

[Event "40th IND-chT Open 2020"]
[Site "Ahmedabad"]
[Date "2020.02.10"]
[Round "6.17"]
[White "Sahoo, Utkal Ranjan"]
[Black "Samal Ansuman"]
[Result "1-0"]
[WhiteElo "2336"]
[BlackElo "1910"]
[Annotator "TA"]
[PlyCount "111"]
[EventDate "2020.02.05"]
[EventCountry "IND"]
[SourceTitle "playchess.com"]
[Source "ChessBase"]
[SourceQuality "1"]

{[%evp 13,111,37,41,35,57,31,34,34,52,32,41,46,60,33,104,74,78,72,93,91,81,61,167,28,18,21,60,42,185,180,190,85,82,0,0,0,0,0,0,0,0,0,20,0,0,0,0,0,0,0,0,0,38,17,37,17,17,7,9,9,11,7,14,14,79,79,79,0,67,25,25,25,66,66,66,26,26,26,26,26,26,26,26,26,26,14,14,0,14,0,29971,29972,29972,29971,29962,29963,29984,29985,29997,29998]} 1. d4 c5 2. d5 e5 3. e4 d6 4. Nc3 Nf6 5. g3 g6 6. Bg2 Bg7 7. Nge2 O-O 8. O-O {B07: Pirc Defence: Miscellaneous Systems.} Nbd7 9. h3 a6 10. a4 {White is slightly better.} b6 11. Be3 {[#]} Ra7 $146 ({Predecessor:} 11... Rb8 12. Qd2 b5 13. axb5 axb5 14. Bh6 Re8 15. Bxg7 Kxg7 16. b4 cxb4 17. Na2 b3 {½-½ (28) Cucchi,N (2022)-Sanguinetti,L (2173) Uruguay 2017}) 12. Qd2 Ne8 13. Rae1 c4 ({Black should play} 13... Rb7 $14) 14. a5 Rb7 15. axb6 Nxb6 {[%cal Bd7b6,Bb6a4,Ba4b2][%mdl 32]} 16. Ra1 Nc7 17. f4 f6 {[#]} (17... Nd7 $14) 18. Na2 (18. f5 $1 $18) 18... c3 $11 19. Qxc3 Na4 20. Qc6 Rb5 (20... Nxb2 $14 21. fxe5 fxe5) 21. fxe5 $18 fxe5 22. Rxf8+ (22. Nec3 $18 {has better winning chances.} Nxc3 23. Qxc3) 22... Bxf8 $16 23. Nac3 (23. b4 $16) 23... Bd7 $1 $11 {[%cal Rd7c6]} 24. Qc4 Nxb2 25. Qa2 Rb4 26. Rb1 Qb8 27. Kh2 Na4 (27... Kg7 {seems wilder.} 28. Bd2 Na4 29. Rc1 Nc5 30. Be3 Nb5) 28. Rxb4 Qxb4 29. Qb3 Qxb3 30. cxb3 Nxc3 31. Nxc3 Nb5 32. Nxb5 axb5 {[%mdl 4096] Endgame KBB-KBB} (32... Bxb5 {is interesting.} 33. Kg1 Bd3 34. Kf2 Be7 35. Bb6 Kf7) 33. Kg1 Kf7 34. Kf2 Be7 35. h4 h5 36. Bb6 Ke8 37. Bc7 Bc8 38. Bf1 Ba6 (38... Bd7 $1 $11) 39. Bh3 $16 Kf7 40. Bd7 (40. Be6+ $16 Ke8 41. b4) 40... Bf8 (40... b4 $11) 41. g4 {Threatens to win with g5.} Ke7 42. Be6 hxg4 43. Bxg4 Bh6 44. Be2 Bd2 45. Bb6 Bb4 46. Be3 Bc5 47. Kf3 Bb4 48. Kg4 Ba5 49. Kg5 Kf7 50. Kh6 {Bg4 is the strong threat.} Be1 51. Bg5 {Strongly threatening Bg4.} Bc3 $2 {[%mdl 8192] [#]} (51... Bc8 $11) 52. Bg4 {White mates.} b4 53. Be6+ Kf8 54. Kxg6 Bd3 55. Bf7 Bxe4+ 56. Kf6 {Accuracy: White = 75%, Black = 72%.} 1-0

[Event "40th IND-chT Open 2020"]
[Site "Ahmedabad"]
[Date "2020.02.10"]
[Round "6.18"]
[White "Pattnayak Nilsu"]
[Black "Nayak Rajesh"]
[Result "0-1"]
[WhiteElo "1950"]
[BlackElo "2169"]
[Annotator "TA"]
[PlyCount "116"]
[EventDate "2020.02.05"]
[EventCountry "IND"]
[SourceTitle "playchess.com"]
[Source "ChessBase"]
[SourceQuality "1"]

{[%evp 9,116,43,84,56,56,56,47,4,0,0,4,0,29,22,32,27,39,32,57,41,103,42,33,22,7,0,0,0,0,0,0,-19,-17,-21,-19,-14,0,0,3,2,2,0,0,0,6,7,7,0,9,10,12,8,8,0,0,0,0,0,0,0,0,0,0,8,69,0,0,1,14,0,0,-480,-480,-12835,-12835,-12836,-12836,-12837,-12837,-12836,-12838,-12841,-12839,-12842,-12839,-12841,-12839,-12839,-12839,-12840,-12840,-12841,-12841,-12841,-12842,-12842,-12841,-12843,-12841,-12842,-12843,-12843,-12843,-12844,-12843,-12845,-12845,-12845,-12846]} 1. e4 d6 2. d4 g6 3. f4 Bg7 4. Nf3 Nf6 5. Bd3 Nfd7 6. O-O {B07: Pirc Defence: Miscellaneous Systems.} c5 7. c3 {[#]} Qb6 $146 {[%cal Rc5d4]} ({Predecessor:} 7... e6 8. Nbd2 Nc6 9. Nc4 Nb6 10. dxc5 dxc5 11. Be3 Qe7 12. Qb3 Nd7 13. Rad1 O-O {½-½ (22) Blank,A-Juergens,N Bad Wildbad 1993}) 8. Qb3 {White is slightly better.} (8. Na3 {with more complications.} cxd4 9. Nc4 Qd8 10. cxd4 O-O 11. Ne3) 8... cxd4 9. Qxb6 Nxb6 10. Nxd4 a6 11. Be3 N6d7 12. Nd2 Nc6 13. a4 Nc5 14. Bc2 Bd7 ({Black should try} 14... O-O $14) 15. Nxc6 (15. Nc4 $16) 15... Bxc6 $14 16. Bd4 O-O 17. Bxc5 dxc5 18. Nb3 b6 19. a5 Rab8 20. Rfb1 c4 21. Nd4 Bxd4+ 22. cxd4 b5 23. d5 Bb7 24. Rd1 Rbd8 25. Rd4 f5 26. exf5 Rxd5 27. Rxd5 Bxd5 $11 {[%mdl 4096] Endgame KRB-KRB} 28. Rd1 Bc6 29. fxg6 hxg6 30. g3 Kg7 31. Re1 Kf6 32. Kf2 Bd7 33. Re5 Rc8 34. Ke3 b4 35. Kd4 c3 36. bxc3 Rxc3 (36... Be6 $1 $11) 37. Rc5 ({White should play} 37. Bd3 $14) 37... Rf3 $1 38. Be4 Ra3 39. Bd3 b3 {Threatens to win with ...b2.} 40. Re5 $2 {[%mdl 8192]} (40. Rc3 $11 {and White has nothing to worry.}) 40... b2 $19 {...Rxd3+! is the strong threat.Black is clearly winning.} 41. Re1 {[#]} (41. Bb1 $142 Ra1 42. Re1) 41... Rxd3+ $1 {[%mdl 576] Remove Defender, Promotion} 42. Kxd3 {[#] KR-KB} b1=Q+ $1 {[%mdl 512]} 43. Rxb1 Bf5+ {[%mdl 64] Skewer} 44. Kd4 Bxb1 {KB-KP} 45. g4 Bc2 46. h3 Bd1 47. Ke3 Ke6 48. Kd2 Bf3 49. Ke3 Bg2 50. h4 Bc6 51. Kf2 Kd5 52. Ke3 Ba4 53. Kd3 Bd7 54. h5 gxh5 55. gxh5 Bf5+ 56. Ke3 Kc4 57. Kf3 Kd4 58. h6 e6 {Accuracy: White = 83%, Black = 88%.} 0-1

[Event "40th IND-chT Open 2020"]
[Site "Ahmedabad"]
[Date "2020.02.10"]
[Round "6.19"]
[White "Swain Ashirwad"]
[Black "Das Susobhit"]
[Result "1/2-1/2"]
[WhiteElo "2087"]
[BlackElo "1846"]
[Annotator "NA RC"]
[PlyCount "109"]
[EventDate "2020.02.05"]
[EventCountry "IND"]
[SourceTitle "playchess.com"]
[Source "ChessBase"]
[SourceQuality "1"]
[TimeControl "5400+30"]

1. e4 {[%emt 0:00:59]} c6 {[%emt 0:00:28]} 2. d4 {[%emt 0:00:15]} d5 {[%emt 0:00:14]} 3. Nc3 {[%emt 0:00:41]} dxe4 {[%emt 0:00:53]} 4. Nxe4 {[%emt 0:00:06]} Nf6 {[%emt 0:00:36]} 5. Nxf6+ {[%emt 0:01:43]} exf6 {[%emt 0:00:13]} 6. Nf3 {[%emt 0:01:10]} Bd6 {[%emt 0:00:49]} 7. Be2 {[%emt 0:02:09]} O-O {[%emt 0:00:56]} 8. O-O {[%emt 0:00:03]} Re8 {[%emt 0:00:42]} 9. Be3 {[%emt 0:05:30]} Nd7 {[%emt 0:01:06]} 10. c4 {[%emt 0:02:43]} Nf8 {[%emt 0:01:56] B15: Caro-Kann: 3 Nc3: 3...g6 and 3...dxe4 4 Nxe4 Nf6 5 Nxf6+ exf6.} 11. d5 {[%emt 0:03:19]} c5 {[%emt 0:06:12]} 12. Re1 {[%emt 0:10:20]} Ng6 {[%emt 0:01:10] [#]} 13. Qc2 $146 {[%emt 0:02:08]} ({Predecessor:} 13. b4 cxb4 14. c5 Rxe3 15. fxe3 Bxc5 16. Kh1 Qd6 17. Qd3 Bd7 18. Nd2 Ne5 19. Qb3 {0-1 (36) Nazari,A (2333)-Rastbod,A (2326) Teheran 2020}) 13... Qc7 {[%emt 0:02:11]} 14. h3 {[%emt 0:04:02]} Bd7 {[%emt 0:03:27]} 15. Bf1 {[%emt 0:11:55]} a6 {[%emt 0:02:21]} 16. a3 {[%emt 0:02:22]} Rab8 {[%emt 0:04:29]} 17. Rac1 {[%emt 0:01:58]} b6 {[%emt 0:01:27]} 18. Bd2 {[%emt 0:03:54]} Bf4 {[%emt 0:07:36]} 19. Rxe8+ {[%emt 0:03:57]} Rxe8 {[%emt 0:01:18]} 20. Re1 {[%emt 0:00:12]} Rxe1 {[%emt 0:15:28]} 21. Bxe1 {[%emt 0:01:54]} Ne7 {[%emt 0:02:31]} 22. Bd3 {[%emt 0:04:52]} h6 {[%emt 0:01:50]} 23. Qe2 {[%emt 0:02:16]} Kf8 {[%emt 0:05:18]} 24. Bc3 {[%emt 0:03:58]} Qb8 {[%emt 0:05:33]} 25. b4 {[%emt 0:04:30]} Bd6 {[%emt 0:04:55]} 26. Qb2 {[%emt 0:03:44]} Nf5 {[%emt 0:02:05]} 27. bxc5 {[%emt 0:05:00]} bxc5 {[%emt 0:05:12]} 28. Qxb8+ {[%emt 0:02:16]} Bxb8 {[%emt 0:00:03]} 29. Nd2 {[%emt 0:00:50]} Nd6 {[%emt 0:06:32]} 30. Ba5 {[%emt 0:02:55]} Ba7 {[%emt 0:09:29]} 31. Bc7 {[%emt 0:01:22]} Ne8 {[%emt 0:02:27]} 32. Bf4 {[%emt 0:01:45]} Ke7 {[%emt 0:00:53]} 33. Ne4 {[%emt 0:02:48]} f5 {[%emt 0:00:59]} 34. Ng3 {[%emt 0:00:50]} g5 {[%emt 0:01:17]} 35. Be5 {[%emt 0:01:17]} f6 {[%emt 0:00:56]} 36. Bc3 {[%emt 0:00:06]} Ng7 {[%emt 0:01:50]} 37. Kf1 {[%emt 0:01:39]} Bb8 {[%emt 0:00:11]} 38. Ke2 {[%emt 0:00:34]} Be5 {[%emt 0:00:35]} 39. Kd2 {[%emt 0:00:32]} h5 {[%emt 0:00:56]} 40. Ne2 {[%emt 0:00:47]} h4 {[%emt 0:00:45]} 41. f4 {[%emt 0:00:55]} Bxc3+ {[%emt 0:00:40]} 42. Kxc3 {[%emt 0:00:58]} Nh5 {[%emt 0:00:30]} 43. Kd2 {[%emt 0:00:28]} Nxf4 {[%emt 0:00:55]} 44. Nxf4 {[%emt 0:01:06]} gxf4 {[%emt 0:00:01]} 45. Be2 {[%emt 0:00:22]} Kd6 {[%emt 0:00:43]} 46. Bf3 {[%emt 0:00:05]} Ke5 {[%emt 0:00:31]} 47. Kd3 {[%emt 0:00:19]} Be8 {[%emt 0:00:31]} 48. Kc3 {[%emt 0:00:29]} Ba4 {[%emt 0:00:13]} 49. Be2 {[%emt 0:00:57]} Ke4 {[%emt 0:01:10]} 50. Bd3+ {[%emt 0:00:05]} Ke5 {[%emt 0:00:04]} 51. Be2 {[%emt 0:00:02]} a5 {[%emt 0:00:24]} 52. Bf3 {[%emt 0:00:20]} Bd7 {[%emt 0:00:09]} 53. Kd3 $11 {[%emt 0:00:20]} Be8 {[%emt 0:00:07]} 54. Kc3 {[%emt 0:00:28]} Ba4 {[%emt 0:00:14]} 55. Be2 {[%emt 0:00:12]} 1/2-1/2

[Event "40th IND-chT Open 2020"]
[Site "Ahmedabad"]
[Date "2020.02.10"]
[Round "6.20"]
[White "Ashutosh, Mohanty"]
[Black "Baivab Mishra"]
[Result "0-1"]
[WhiteElo "1725"]
[BlackElo "2206"]
[Annotator "ChessBase"]
[PlyCount "94"]
[EventDate "2020.02.05"]
[EventCountry "IND"]
[SourceTitle "playchess.com"]
[Source "ChessBase"]
[SourceQuality "1"]
[TimeControl "5400+30"]

1. d4 {[%emt 1:30:30]} Nf6 {[%emt 1:30:30]} 2. c4 {[%emt 0:00:30]} c5 {[%emt 0:00:30]} 3. d5 {[%emt 0:00:30]} e6 {[%emt 0:00:30]} 4. Nc3 {[%emt 0:00:30]} exd5 {[%emt 0:00:30]} 5. cxd5 {[%emt 0:00:30]} d6 {[%emt 0:00:30]} 6. Nf3 {[%emt 0:00:30]} g6 {[%emt 0:00:30]} 7. e4 {[%emt 0:00:30]} Bg7 {[%emt 0:00:30]} 8. Be2 {[%emt 0:00:30]} O-O {[%emt 0:00:30]} 9. O-O {[%emt 0:00:30]} Bg4 {[%emt 0:00:30]} 10. Bf4 {[%emt 0:00:30]} Bxf3 {[%emt 0:00:30]} 11. Bxf3 {[%emt 0:00:30]} Ne8 {[%emt 0:00:30]} 12. Qd2 {[%emt 0:00:30]} Nd7 {[%emt 0:00:30]} 13. Bh6 {[%emt 0:00:30]} Nc7 {[%emt 0:00:30]} 14. Bxg7 {[%emt 0:00:30]} Kxg7 {[%emt 0:00:30]} 15. Be2 {[%emt 0:00:30]} Rb8 {[%emt 0:00:30]} 16. a4 {[%emt 0:00:30]} a6 {[%emt 0:00:30]} 17. a5 {[%emt 0:00:30]} b5 {[%emt 0:00:30]} 18. axb6 {[%emt 0:00:30]} Rxb6 {[%emt 0:00:30]} 19. f4 {[%emt 0:00:30]} Qe7 {[%emt 0:00:30]} 20. f5 {[%emt 0:00:30]} Rfb8 {[%emt 0:00:30]} 21. Rab1 {[%emt 0:00:30]} Qe5 {[%emt 0:00:30]} 22. fxg6 {[%emt 0:00:30]} hxg6 {[%emt 0:00:30]} 23. Bd3 {[%emt 0:00:30]} Qd4+ {[%emt 0:00:30]} 24. Kh1 {[%emt 0:00:30]} Ne5 {[%emt 0:00:30]} 25. Rfd1 {[%emt 0:00:30]} Nxd3 {[%emt 0:00:30]} 26. Qxd3 {[%emt 0:00:30]} Qxd3 {[%emt 0:00:30]} 27. Rxd3 {[%emt 0:00:30]} Rxb2 {[%emt 0:00:30]} 28. Rdd1 {[%emt 0:00:30]} Rxb1 {[%emt 0:00:30]} 29. Rxb1 {[%emt 0:00:30]} Rxb1+ {[%emt 0:00:30]} 30. Nxb1 {[%emt 0:00:30]} Kf6 {[%emt 0:00:30]} 31. Nd2 {[%emt 0:00:30]} Ke5 {[%emt 0:00:30]} 32. Kg1 {[%emt 0:00:30]} Kd4 {[%emt 0:00:30]} 33. Kf2 {[%emt 0:00:30]} c4 {[%emt 0:00:30]} 34. e5 {[%emt 0:00:30]} Kxe5 {[%emt 0:00:30]} 35. Nxc4+ {[%emt 0:00:30]} Kxd5 {[%emt 0:00:30]} 36. Ne3+ {[%emt 0:00:30]} Kd4 {[%emt 0:00:30]} 37. Ke2 {[%emt 0:00:30]} Nd5 {[%emt 0:00:30]} 38. Nc2+ {[%emt 0:00:30]} Kc3 {[%emt 0:00:30]} 39. Kd1 {[%emt 0:00:30]} a5 {[%emt 0:00:30]} 40. g4 {[%emt 0:00:30]} g5 {[%emt 0:00:30]} 41. h3 {[%emt 0:00:30]} Nf4 {[%emt 0:00:30]} 42. Na3 d5 {[%emt 0:00:30]} 43. Nb5+ {[%emt 0:01:00]} Kb2 {[%emt 0:00:30]} 44. Kd2 {[%emt 0:00:30]} a4 {[%emt 0:00:30]} 45. Nc3 {[%emt 0:00:30]} a3 {[%emt 0:00:30]} 46. Nd1+ {[%emt 0:00:30]} Kb3 {[%emt 0:00:30]} 47. Nc3 {[%emt 0:00:30]} a2 {[%emt 0:00:30]} 0-1

[Event "40th IND-chT Open 2020"]
[Site "Ahmedabad"]
[Date "2020.02.10"]
[Round "6.21"]
[White "Anadkat Kartavya"]
[Black "Tanishq Gupta"]
[Result "1-0"]
[WhiteElo "2152"]
[BlackElo "1763"]
[Annotator "ChessBase"]
[PlyCount "77"]
[EventDate "2020.02.05"]
[EventCountry "IND"]
[SourceTitle "playchess.com"]
[Source "ChessBase"]
[SourceQuality "1"]
[TimeControl "5400+30"]

1. e4 {[%emt 1:30:30]} e6 {[%emt 1:30:30]} 2. d3 {[%emt 0:00:30]} d5 {[%emt 0:00:30]} 3. Nd2 {[%emt 0:00:30]} Nf6 {[%emt 0:00:30]} 4. Ngf3 {[%emt 0:00:30]} Be7 {[%emt 0:00:30]} 5. g3 {[%emt 0:00:30]} O-O {[%emt 0:00:30]} 6. Bg2 {[%emt 0:00:30]} c5 {[%emt 0:00:30]} 7. O-O {[%emt 0:00:30]} Nc6 {[%emt 0:00:30]} 8. Re1 {[%emt 0:00:30]} Qc7 {[%emt 0:00:30]} 9. Nf1 {[%emt 0:00:30]} dxe4 {[%emt 0:00:30]} 10. dxe4 {[%emt 0:00:30]} Rd8 {[%emt 0:00:30]} 11. Qe2 {[%emt 0:00:30]} e5 {[%emt 0:00:30]} 12. c3 {[%emt 0:00:30]} h6 {[%emt 0:00:30]} 13. N3d2 {[%emt 0:00:30]} Bg4 {[%emt 0:00:30]} 14. Bf3 {[%emt 0:00:30]} Be6 {[%emt 0:00:30]} 15. Ne3 {[%emt 0:00:30]} a6 {[%emt 0:00:30]} 16. Ng4 {[%emt 0:00:30]} Qd7 {[%emt 0:00:30]} 17. Nxf6+ {[%emt 0:00:30]} Bxf6 {[%emt 0:00:30]} 18. Nc4 {[%emt 0:00:30]} Bxc4 {[%emt 0:00:30]} 19. Qxc4 {[%emt 0:00:30]} Be7 {[%emt 0:00:30]} 20. Bh5 {[%emt 0:00:30]} Bf8 {[%emt 0:00:30]} 21. Qe2 {[%emt 0:00:30]} b5 {[%emt 0:00:30]} 22. Be3 {[%emt 0:00:30]} c4 {[%emt 0:00:30]} 23. b3 {[%emt 0:00:30]} cxb3 {[%emt 0:00:30]} 24. axb3 {[%emt 0:00:30]} Qc7 {[%emt 0:00:30]} 25. Rec1 {[%emt 0:00:30]} Na5 {[%emt 0:00:30]} 26. Qc2 {[%emt 0:00:30]} Nb7 {[%emt 0:00:30]} 27. c4 {[%emt 0:00:30]} b4 {[%emt 0:00:30]} 28. c5 {[%emt 0:00:30]} Qc6 {[%emt 0:00:30]} 29. Qc4 {[%emt 0:00:30]} Rd7 {[%emt 0:00:30]} 30. Qxb4 {[%emt 0:00:30]} Rc7 {[%emt 0:00:30]} 31. Qc4 {[%emt 0:00:30]} Qe6 {[%emt 0:00:30]} 32. Qxe6 {[%emt 0:00:30]} fxe6 {[%emt 0:00:30]} 33. b4 {[%emt 0:00:30]} a5 {[%emt 0:00:30]} 34. c6 {[%emt 0:00:30]} Nd6 {[%emt 0:00:30]} 35. Bb6 {[%emt 0:00:30]} Rcc8 {[%emt 0:00:30]} 36. bxa5 {[%emt 0:00:30]} Nb5 {[%emt 0:00:30]} 37. c7 {[%emt 0:00:30]} Bd6 {[%emt 0:00:30]} 38. Rc6 {[%emt 0:00:30]} Bxc7 {[%emt 0:00:30]} 39. Rac1 {[%emt 0:00:30]} 1-0

[Event "40th IND-chT Open 2020"]
[Site "Ahmedabad"]
[Date "2020.02.10"]
[Round "6.22"]
[White "Dutta Sarthak"]
[Black "Bhatt, Jalpan"]
[Result "0-1"]
[WhiteElo "1704"]
[BlackElo "1983"]
[Annotator "NA RC"]
[PlyCount "102"]
[EventDate "2020.02.05"]
[EventCountry "IND"]
[SourceTitle "playchess.com"]
[Source "ChessBase"]
[SourceQuality "1"]
[TimeControl "5400+30"]

1. Nf3 {[%emt 0:00:00]} Nf6 {[%emt 0:00:00]} 2. c4 {[%emt 0:00:01]} g6 {[%emt 0:00:08]} 3. Nc3 {[%emt 0:00:09]} c5 {[%emt 0:01:46]} 4. g3 {[%emt 0:00:31]} Bg7 {[%emt 0:00:13]} 5. Bg2 {[%emt 0:00:02]} O-O {[%emt 0:01:07]} 6. O-O {[%emt 0:00:03]} d5 {[%emt 0:01:03]} 7. cxd5 {[%emt 0:03:37]} Nxd5 {[%emt 0:00:02]} 8. Nxd5 {[%emt 0:02:19]} Qxd5 {[%emt 0:00:03]} 9. d3 {[%emt 0:00:38]} Qh5 {[%emt 0:05:03]} 10. Qc2 {[%emt 0:11:38]} Nc6 {[%emt 0:03:45]} 11. Be3 {[%emt 0:06:24] A38: Symmetrical English vs ...g6: 4 Bg2 Bg7 5 Nf3 Nf6.} Nd4 {[%emt 0:17:56]} 12. Bxd4 {[%emt 0:03:18]} cxd4 {[%emt 0:00:25] [#]} 13. Qa4 $146 {[%emt 0:03:19]} ({Predecessor:} 13. Qc7 Qb5 14. a4 Qxb2 15. Qxe7 Bg4 16. Rfb1 Qc2 17. Rxb7 Rae8 18. Qg5 Bc8 19. Rxa7 Rxe2 {0-1 (29) Syrchikov,A (2256)-Abramichev,A (2072) St Petersburg 2010}) 13... Rd8 {[%emt 0:05:40]} 14. Qb4 {[%emt 0:01:37]} Bf6 {[%emt 0:11:21]} 15. Rac1 {[%emt 0:05:02]} Rd5 {[%emt 0:19:41]} 16. Rc2 {[%emt 0:03:52]} Rb5 {[%emt 0:01:44]} 17. Qd2 {[%emt 0:04:29]} Be6 {[%emt 0:05:35]} 18. b3 {[%emt 0:03:35]} a5 {[%emt 0:04:48]} 19. e3 {[%emt 0:11:24]} dxe3 {[%emt 0:03:44]} 20. Qxe3 {[%emt 0:01:30]} a4 {[%emt 0:00:36]} 21. Nd4 {[%emt 0:02:35]} Re5 {[%emt 0:01:49]} 22. Qc1 {[%emt 0:05:04]} Bd5 {[%emt 0:04:28]} 23. Rc8+ {[%emt 0:00:54]} Rxc8 {[%emt 0:00:02]} 24. Qxc8+ {[%emt 0:00:07]} (24. Qc2 {[%emt 0:29:59]} Rc7 25. Qxc7 {[%emt 0:00:00]} Kg7 {[%emt 0:00:35]} 26. Qc8 Be4 $4 {[%mdl 8192]} (26... Rg5 $19 {avoids the disaster.} 27. Qc7 Bxd4 28. Qxe7 axb3 29. axb3 Bxg2 30. Kxg2 Rb5)) 24... Kg7 {[%emt 0:00:05]} 25. Bxd5 {[%emt 0:00:33]} Rxd5 {[%emt 0:00:08]} 26. g4 {[%emt 0:12:05]} Rg5 $18 {[%emt 0:01:36]} 27. Ne2 {[%emt 0:00:19]} Rxg4+ {[%emt 0:01:41]} 28. Ng3 {[%emt 0:00:22]} Qh3 {[%emt 0:00:56]} 29. Qxb7 {[%emt 0:00:32]} h5 {[%emt 0:00:17]} 30. Qg2 {[%emt 0:00:54]} Qxg2+ {[%emt 0:00:10]} 31. Kxg2 {[%emt 0:00:03]} h4 {[%emt 0:00:04]} 32. Kf3 {[%emt 0:00:32]} Rd4 {[%emt 0:04:26]} 33. Ne4 {[%emt 0:00:06]} axb3 {[%emt 0:00:12]} 34. Nxf6 {[%emt 0:00:33]} Kxf6 {[%emt 0:00:28]} 35. Ke3 {[%emt 0:00:02]} Rb4 {[%emt 0:00:13]} 36. axb3 {[%emt 0:00:02]} Rxb3 {[%emt 0:00:05]} 37. Ra1 {[%emt 0:00:38]} e5 {[%emt 0:00:34]} 38. h3 {[%emt 0:00:18]} Kf5 {[%emt 0:01:51]} 39. Ra5 {[%emt 0:00:17]} g5 {[%emt 0:00:18]} 40. Rc5 {[%emt 0:00:18]} f6 {[%emt 0:00:17]} 41. Ra5 {[%emt 0:00:35]} Rb1 {[%emt 0:00:19]} 42. Kf3 {[%emt 0:00:59]} Rd1 {[%emt 0:00:22]} 43. Ra3 {[%emt 0:00:05]} Rxd3+ {[%emt 0:00:42]} 44. Rxd3 {[%emt 0:00:19]} e4+ {[%emt 0:00:02]} 45. Ke3 {[%emt 0:00:18]} exd3 {[%emt 0:00:02]} 46. f3 {[%emt 0:02:43]} d2 {[%emt 0:01:02]} 47. Kxd2 {[%emt 0:00:03]} Kf4 {[%emt 0:00:02]} 48. Ke2 {[%emt 0:00:09]} Kg3 {[%emt 0:00:04]} 49. Ke3 {[%emt 0:00:34]} Kxh3 {[%emt 0:01:29]} 50. f4 {[%emt 0:00:31]} Kg3 {[%emt 0:01:02]} 51. Ke2 {[%emt 0:00:14]} Kxf4 {[%emt 0:00:33]} 0-1